Snehuliak pozná len sneh a ľad

Bibliographic Details
Main Author: Moravčík, Štefan, 1943- (Author)
Format: Article
Language:Slovak
ISSN:1335-6488
Subjects:

MARC

LEADER 00000nab a2200000 a 4500
001 vtls008941300
003 SK-MaSNL
005 20260303070826.0
008 070131 2006 xo m 000 0 slo
015 |a SNBRB2007/01 
038 |a KEKMK 
040 |a KEKMK  |b slo  |c KEKMK  |e AACR2 
041 |a slo 
044 |a xo  |c SK 
080 |a 82-93  |2 2001 
100 1 |a Moravčík, Štefan,  |d 1943-   |4 aut  |9 98697 
245 1 0 |a Snehuliak pozná len sneh a ľad  |c Štefan Moravčík 
650 0 7 |a literatúra pre deti a mládež  |2 kekmk  |9 21893 
773 0 |t Včielka : časopis pre najmenších  |g Roč.49,č. 5 január(2007), s.20.  |x 1335-6488 
852 |a KEKMK  |b KIS3G 
958 |a DB 
999 |c 1757091  |d 1759021